000 00861cam a2200241 ic4500
999 _c7243
_d7243
001 vtls002121376
003 NUKAT
005 20180514112306.0
008 110617s1970 gw a f |001 0 ger c
035 _axx002121376
039 9 _a201711270159
_bVLOAD
_c201711241306
_dVLOAD
_c201502260125
_dVLOAD
_c201502252153
_djula
040 _aGL 001/ML
_cGL 001/ML
_dGL 001/KCHs
_dGL 001/IFW
100 1 _aKlein, Wilhelm
_c(elektryka).
245 1 0 _aGrundlagen der Theorie elektrischer Schaltungen.
_nT. 1,
_pMehrtortheorie /
_cvon Wilhelm Klein.
246 3 0 _aMehrtortheorie
250 _a2., neubearb. Aufl.
260 _aBerlin :
_bAkademie-Verl.,
_c1970.
300 _aXII, 171 s., [1] s. tabl. :
_bil. ;
_c22 cm.
504 _aBibliogr. 165-168. Indeks.
650 _aObwody elektryczne.
710 2 _aAkademie-Verlag (Berlin).
_4pbl
942 _2ddc
_cBK